000 00920nam a22001575i 4500
001 171180
003 ES-MaACL
005 20230906214548.0
008 090504s1872 sp |||| | spa d
100 1 _aGamayo, Angel.
_9140009
245 1 0 _aRevista europea
_b: viaje indirecto en tren de recreo desde las tercianeras orillas del Manzanares hasta las pintorescas riberas del Rhin y un cuarto de legua mas allá, en un acto y varios descarrilamientos, en verso ó cosa así, y musicalmente compuestos, /
_coriginal de Angel Gamayo.
260 _aMadrid :
_b[s.n.],
_c1872.
300 _a23 p. ;
_c18 cm.
500 _aEn port.: Estrenada con éxito en Madrid la noche del 25 de junio de 1872.
852 _aES-MaACL
_jF-8588(15)
_z. - Enc. pasta española
_q- Falto de la cub. original
_z- Enc. en un vol. facticio formando parte de la col. facticia "Teatro español moderno", vol. 41
_z.- Dedicatoria manuscrita del autor
999 _c171180
_d171180